|
|
|
|
| LEADER |
01049pam a22002418a 4500 |
| 001 |
00023399 |
| 005 |
20171026081023.0 |
| 008 |
110621s1993 ||||||viesd |
| 041 |
0 |
# |
|a vie
|
| 082 |
1 |
4 |
|a 372.7
|b PH561PH
|
| 100 |
0 |
# |
|a Đỗ Trung Hiệu
|
| 245 |
0 |
0 |
|a Phương pháp dạy-học toán ở tiểu học
|b Giáo trình dùng cho các trường sư phạm đào tạo học viên tiểu học
|c Đỗ Trung Hiệu,Đỗ Đình Hoan,Hà Sĩ Hồ
|
| 260 |
# |
# |
|a H.
|b Bộ Giáo dục và Đào tạo.Vụ Giáo Viên
|c 1993
|
| 300 |
# |
# |
|a 260tr.
|c 21cm.
|
| 653 |
# |
# |
|a phương pháp giảng dạy
|
| 653 |
# |
# |
|a toán
|
| 653 |
# |
# |
|a tiểu học
|
| 852 |
# |
# |
|b Kho giáo trình
|j KGT.0001338, KGT.0001339, KGT.0001340, KGT.0001341, KGT.0001342
|
| 852 |
# |
# |
|b Kho mượn
|j KGT.0001338
|
| 852 |
# |
# |
|j KGT.0001339
|j KD.0014133
|j KGT.0001340
|j KGT.0001341
|
| 852 |
# |
# |
|b Kho đọc
|j KD.0014133
|
| 910 |
|
|
|d 21/06/2011
|
| 980 |
# |
# |
|a Trung tâm Học liệu Lê Vũ Hùng, Trường Đại học Đồng Tháp
|